GroundWater modelling. (Record no. 544644)
[ view plain ]
| 000 -LEADER | |
|---|---|
| fixed length control field | 00394nam a22001457a 4500 |
| 020 ## - INTERNATIONAL STANDARD BOOK NUMBER | |
| International Standard Book Number | 0-444-42582-9 |
| 082 ## - DEWEY DECIMAL CLASSIFICATION NUMBER | |
| Classification number | 551.490724 |
| Author Mark | KIN |
| -- | L-23, P-17 |
| 100 ## - MAIN ENTRY--PERSONAL NAME | |
| Personal name | Kinzelbach, Wofgang |
| 9 (RLIN) | 40320 |
| 245 ## - TITLE STATEMENT | |
| Title | GroundWater modelling. |
| 260 ## - PUBLICATION, DISTRIBUTION, ETC. | |
| Place of publication, distribution, etc. | New York |
| Name of publisher, distributor, etc. | Elsevier |
| Date of publication, distribution, etc. | 1986 |
| 300 ## - PHYSICAL DESCRIPTION | |
| Extent | x, 333 p.: |
| Other physical details | ill. : |
| Dimensions | 10 Cm |
| 526 ## - STUDY PROGRAM INFORMATION NOTE | |
| Program name | 0 |
| Interest level | 0 |
| Reading level | 0 |
| Title point value | 551_490724000000000_KIN |
| 650 ## - SUBJECT ADDED ENTRY--TOPICAL TERM | |
| Topical term or geographic name entry element | MCE |
| 9 (RLIN) | 379 |
| 942 ## - ADDED ENTRY ELEMENTS (KOHA) | |
| Source of classification or shelving scheme | |
| Koha item type | Book |
| Withdrawn status | Lost status | Source of classification or shelving scheme | Damaged status | Not for loan | Permanent Location | Current Location | Date acquired | Total Checkouts | Full call number | Barcode | Date last seen | Date last checked out | Price effective from | Koha item type |
|---|---|---|---|---|---|---|---|---|---|---|---|---|---|---|
| Military College of Engineering (MCE) | Military College of Engineering (MCE) | 05/08/2014 | 2 | 551.490724 KIN | MCE-27582 | 05/13/2014 | 05/13/2014 | 05/08/2014 | Book |
